000
00234nam a2200097Ia 4500
001
806839
005
20250826171219.0
008
250824s9999 xx 000 0 und d
245
0
_a
YETİM
_c
CHRISTOPHER RANSOM
260
_b
PANAMA YAYINLARI
999
_c
806839
_d
806839